| 000 | 00320nab a22001097u 4500 | ||
|---|---|---|---|
| 008 | 130520b1987 xxu||||| |||| 00| 0 spa d | ||
| 041 | _aspa | ||
| 100 | 1 |
_aLewis, N. B. _967418 |
|
| 245 | 0 | 0 |
_aEl hecho de la prostitución en Asia _cN. B. Lewis |
| 773 | 0 |
_tConcilium _gV.2,1987,págs.413-421 _x0210-1041 _wRev134 |
|
| 942 | _cAR | ||
| 999 |
_c355325 _d355325 |
||